header

Pioneers of child psychoanalysis : (Record no. 84402)

MARC details
000 -LEADER
fixed length control field 01776nam a2200397 i 4500
001 - CONTROL NUMBER
control field ebr10827819
003 - CONTROL NUMBER IDENTIFIER
control field CaPaEBR
006 - FIXED-LENGTH DATA ELEMENTS--ADDITIONAL MATERIAL CHARACTERISTICS--GENERAL INFORMATION
fixed length control field m o d
007 - PHYSICAL DESCRIPTION FIXED FIELD--GENERAL INFORMATION
fixed length control field cr cn|||||||||
008 - FIXED-LENGTH DATA ELEMENTS--GENERAL INFORMATION
fixed length control field 140127t20142014enk ob 001 0 eng d
020 ## - INTERNATIONAL STANDARD BOOK NUMBER
Cancelled/invalid ISBN 9781780491707
International Standard Book Number 9781782411789 (e-book)
040 ## - CATALOGING SOURCE
Original cataloging agency CaPaEBR
Language of cataloging eng
Description conventions rda
-- pn
Transcribing agency CaPaEBR
035 ## - SYSTEM CONTROL NUMBER
System control number (OCoLC)874045625
050 14 - LIBRARY OF CONGRESS CALL NUMBER
Classification number RJ504.2
Item number .P566 2014eb
082 04 - DEWEY DECIMAL CLASSIFICATION NUMBER
Classification number 618.928917
Edition number 23
100 1# - MAIN ENTRY--PERSONAL NAME
Personal name Reubins, Beatriz Markman.
245 10 - TITLE STATEMENT
Title Pioneers of child psychoanalysis :
Remainder of title influential theories and practices in healthy child development /
Statement of responsibility, etc Beatriz Markman Reubins ; edited by Marc Stephan Reubins.
264 #1 - PRODUCTION, PUBLICATION, DISTRIBUTION, MANUFACTURE, AND COPYRIGHT NOTICE
Place of production, publication, distribution, manufacture London, England :
Name of producer, publisher, distributor, manufacturer Karnac,
Date of production, publication, distribution, manufacture, or copyright notice 2014.
Date of production, publication, distribution, manufacture, or copyright notice �2014
300 ## - PHYSICAL DESCRIPTION
Extent 1 online resource (279 pages)
336 ## - CONTENT TYPE
Content type term text
Source rdacontent
337 ## - MEDIA TYPE
Media type term computer
Source rdamedia
338 ## - CARRIER TYPE
Carrier type term online resource
Source rdacarrier
504 ## - BIBLIOGRAPHY, ETC. NOTE
Bibliography, etc Includes bibliographical references and index.
588 ## - SOURCE OF DESCRIPTION NOTE
Source of description note Description based on online resource; title from PDF title page (ebrary, viewed January 27, 2014).
590 ## - LOCAL NOTE (RLIN)
Local note Electronic reproduction. Palo Alto, Calif. : ebrary, 2014. Available via World Wide Web. Access may be limited to ebrary affiliated libraries.
650 #0 - SUBJECT ADDED ENTRY--TOPICAL TERM
Topical term or geographic name as entry element Child analysis.
Topical term or geographic name as entry element Psychoanalysis.
Topical term or geographic name as entry element Child psychology.
655 #0 - INDEX TERM--GENRE/FORM
Genre/form data or focus term Electronic books.
700 1# - ADDED ENTRY--PERSONAL NAME
Personal name Reubins, Marc Stephan.
776 08 - ADDITIONAL PHYSICAL FORM ENTRY
Display text Print version:
Main entry heading Reubins, Beatriz Markman.
Title Pioneers of child psychoanalysis : influential theories and practices in healthy child development.
Place, publisher, and date of publication London, England : Karnac, c2014
Physical description xxii, 256 pages
International Standard Book Number 9781782411789
797 2# - LOCAL ADDED ENTRY--CORPORATE NAME (RLIN)
Corporate name or jurisdiction name as entry element ebrary.
856 40 - ELECTRONIC LOCATION AND ACCESS
Uniform Resource Identifier <a href="http://site.ebrary.com/lib/rucke/Doc?id=10827819">http://site.ebrary.com/lib/rucke/Doc?id=10827819</a>
Public note An electronic book accessible through the World Wide Web; click to view

No items available.

© 2026 Rongo University
Contact us: librarian | system librarian | Rongo university